KOHA-Header-6

Sher Shah Suri (Record no. 11986)

000 -LEADER
fixed length control field 00292nam a22001217a 4500
020 ## - INTERNATIONAL STANDARD BOOK NUMBER
ISBN 9780195978827
082 ## - DEWEY DECIMAL CLASSIFICATION NUMBER
Classification number 954.0245
100 ## - MAIN ENTRY--AUTHOR NAME
Personal name Matta, Basheer Ahmed Khan
245 ## - TITLE STATEMENT
Title Sher Shah Suri
Remainder of title A fresh perspective
260 ## - PUBLICATION, DISTRIBUTION, ETC. (IMPRINT)
Place of publication Karachi
Name of publisher Oxford
Year of publication 2005
300 ## - PHYSICAL DESCRIPTION
Number of Pages x, 254 pages
942 ## - ADDED ENTRY ELEMENTS (KOHA)
Koha item type Books
Holdings
Withdrawn status Lost status Collection code Permanent Location Current Location Shelving location Date acquired Full call number Accession Number Koha item type
    English Literature MAJU MAJU Shelf No.A13 2019-09-26 954.0245 10542 Books

Powered by Koha